| 000 | 00595cam a22002052 4500 | ||
|---|---|---|---|
| 001 | 0000002809 | ||
| 005 | 20151217151905.0 | ||
| 008 | 070420s xx 000 0 eng d | ||
| 020 | _a039395871X : | ||
| 040 |
_aKABU _cKABU |
||
| 050 | 0 |
_aPS507 _b.N67 1998 |
|
| 245 | 1 | 4 | _aThe Norton anthology of American literature. Volume 1. |
| 250 | _a5th ed. | ||
| 260 |
_aNew York : _bW. W. Norton, _c1998. |
||
| 300 | _axxix, 2611 p. | ||
| 650 | 0 |
_aAmerican Literature _xLiterary collections. _@0000152321 |
|
| 908 | _a070420 | ||
| 950 | _@1 | ||
| 999 |
_c6024 _d6024 |
||